000 00435nam a2200157 i 4500
001 86068
003 ES-MaACL
005 20230906175352.0
007 t|
008 041207s1923 ddr ||||1| ger d
100 1 _aKaiser, Georg.
_967434
245 1 0 _aGilles und Jeanne
_b: Bühnenspiel in drei teilen /
_cGeorg Kaiser.
260 _aPostdam :
_bGustav Kiepenheuer,
_c1923.
300 _a136 p. ;
_c24 cm.
852 _aES-MaACL
_jA-355
999 _c86068
_d86068